000 00270nam a2200109Ia 4500
008 220204s9999 xx 000 0 und d
082 _a066.047
_bWIL
100 _aWilliams-Gardner, A
245 0 _aIndustrial drying
260 _aLondon
_bGeorge Godwin
_c1976
942 _cBK
999 _c31257
_d31257